000 002870000a22000970004500
100 1 _aPereira da Costa, Hermisten Maia
245 1 0 _aLa centralidad de la predicación de la palabra en el culto
300 _aVol. 6, Núm 2 (2004), Páginas 56-67
773 0 _tReforma Siglo 21
942 _cANA
999 _c52975
_d52975